000 00629na a2200217 4500
001 19059
003 MIRAKIL
005 20181213155052.0
008 170222b tu 000 0
040 _aMilas
_btur
_cTR-AnCHP
041 _atur
082 _a328.561
_bT15o 1987
090 _a328.561 T15o 1987
110 _aTürkiye Büyük Millet Meclisi (TBMM)
245 _a17. dönem TBMM albümü
_cTürkiye Büyük Millet Meclisi (TBMM)
250 _a3. bs.
260 _aAnkara
_bTürkiye Büyük Millet Meclisi (TBMM)
_c1987
300 _a150 s.
_bfotg.
_c20 sm.
610 _aTBMM
_xAlbümler
_y1987
942 _2ddc
_cBKS
999 _c5976
_d5976